书目信息 |
| 题名: |
旅游环境保护学
|
|
| 作者: | 张建萍 编著 | |
| 分册: | ||
| 出版信息: | 北京 旅游教育出版社 2003.8 |
|
| 页数: | 243页 | |
| 开本: | 23cm | |
| 丛书名: | 全国高等院校旅游专业系列教材 | |
| 单 册: | ||
| 中图分类: | X322-43 | |
| 科图分类: | ||
| 主题词: | 旅游--lu^ you--环境保护--高等学校--教材 , 旅游--lu^ you , 环境保护--huan jing bao hu | |
| 电子资源: | ||
| ISBN: | 7-5637-1119-8 | |
| 000 | 01036nam0 2200277 45 | |
| 001 | 012003082091 | |
| 005 | 20181219081017.93 | |
| 010 | @a7-5637-1119-8@dCNY22.00 | |
| 100 | @a20031204d2003 em y0chiy0121 ea | |
| 101 | 0 | @achi |
| 102 | @aCN@b110000 | |
| 105 | @ay a 000yy | |
| 200 | 1 | @a旅游环境保护学@Alu^ you huan jing bao hu xue@f张建萍编著 |
| 210 | @a北京@c旅游教育出版社@d2003.8 | |
| 215 | @a243页@d23cm | |
| 225 | 2 | @a全国高等院校旅游专业系列教材@Aquan guo gao deng yuan xiao lu^ you zhuan ye xi lie jiao cai |
| 320 | @a附参考文献 (第238-243页) | |
| 330 | @a本书内容包括对生态环境本质的认识与研究, 为防治环境问题的出现及危害的各项科学和技术, 以及保护环境所采取的政治、法律、经济、行政、教育的各项专门知识和手段。 | |
| 410 | 0 | @12001 @a全国高等院校旅游专业系列教材 |
| 606 | 0 | @a旅游@Alu^ you@x环境保护@x高等学校@j教材 |
| 606 | 0 | @a旅游@Alu^ you |
| 606 | 0 | @a环境保护@Ahuan jing bao hu |
| 690 | @aX322-43@v4 | |
| 701 | 0 | @a张建萍@Azhang jian ping@4编著 |
| 801 | 0 | @aCN@c20061229 |
| 905 | @a10447@dX322-43@eZ120 | |
| 旅游环境保护学/张建萍编著.-北京:旅游教育出版社,2003.8 |
| 243页;23cm.-(全国高等院校旅游专业系列教材) |
| ISBN 7-5637-1119-8:CNY22.00 |
| 本书内容包括对生态环境本质的认识与研究, 为防治环境问题的出现及危害的各项科学和技术, 以及保护环境所采取的政治、法律、经济、行政、教育的各项专门知识和手段。 |
| ● |
| 相关链接 |
|
|
|
正题名:旅游环境保护学
索取号:X322-43/Z120
 
预约/预借
| 序号 | 登录号 | 条形码 | 馆藏地/架位号 | 状态 | 备注 |
| 1 | 1301353 | 213013530 | 自科库501/501自科库 66排6列2层/ [索取号:X322-43/Z120] | 在馆 | |
| 2 | 466517 | 204665175 | 自科库501/501自科库 66排6列2层/ [索取号:X322-43/Z120] | 在馆 | |
| 3 | 640797 | 206407976 | 自科库501/501自科库 66排6列2层/ [索取号:X322-43/Z120] | 在馆 | |
| 4 | 640798 | 206407985 | 自科库501/501自科库 66排6列2层/ [索取号:X322-43/Z120] | 在馆 | |
| 5 | 640799 | 206407994 | 自科库501/501自科库 66排6列2层/ [索取号:X322-43/Z120] | 在馆 |